Normal view
MARC view
- Jun-Yi Guo
Entry Personal Name
001 - CONTROL NUMBER
- control field: 133584
003 - CONTROL NUMBER IDENTIFIER
- control field: NUST
005 - DATE AND TIME OF LATEST TRANSACTION
- control field: 20260305123544.0
008 - FIXED-LENGTH DATA ELEMENTS
- fixed length control field: 260305|| aca||aabn | a|a d
040 ## - CATALOGING SOURCE
- Original cataloging agency: NUST
- Transcribing agency: NUST
100 ## - HEADING--PERSONAL NAME
- Personal name: Jun-Yi Guo
670 ## - SOURCE DATA FOUND
- Source citation: Work cat.: (NUST): Jun-Yi Guo., Physical Geodesy: A Theoretical Introduction /, 2023.
